| 000 | 01229nam a2200265Ia 4500 | ||
|---|---|---|---|
| 003 | OSt | ||
| 005 | 20200722162407.0 | ||
| 008 | 191128s1984 ck ad fr 000 0 spa d | ||
| 040 |
_aCO-JMCR _cCO-JMCR |
||
| 041 | 0 | _aspa | |
| 082 | 0 | 4 |
_a338.986 / _bO151p _223 |
| 100 | 1 |
_aOcampo, José Antonio, _eeditor _96129 |
|
| 245 | 1 | 3 |
_aLa política económica en la encrucijada / _cJosé Antonio Ocampo editor ; traducciones Patricia Correa y Carmenza de Echeverri |
| 250 | _aPrimera edición | ||
| 260 |
_aBogotá : _bBanco de la República : Universidad de los Andes, _c1984 |
||
| 300 |
_a192 páginas : _bgráficos a blanco y negro ; _c23 cm. |
||
| 490 | 0 | _aCede | |
| 505 | 0 | _aDe la represión al colapso financiero -- Indexación, manejo y monetario y política macroeconómica -- Complementación vs. Integración : estilos latinoamericanos de apertura financiera al exterior -- Cuatro modelos de política cambiaria y un monoexportador | |
| 650 | 1 | 4 |
_aPolítica económica _zAmérica Latina _96784 |
| 650 | 1 | 4 |
_aPolítica monetaria _zAmérica Latina _97627 |
| 650 | 1 | 4 |
_aMacroeconomía _97628 |
| 700 | 1 |
_aCorrea, Patricia, _d _etraductora _97629 |
|
| 700 | 1 |
_aEcheverrí, Carmenza de, _etraductora _97630 |
|
| 942 |
_2ddc _cBK |
||
| 999 |
_c5588 _d5588 |
||